000 00806nam2a22002411 4500
001 v19\rc\1258949
005 20250620055312.0
035 _a(NLR Aleph) 005198712
090 _a5287574
_c5287574
100 _a20060306d1902 |||y0rusy50 ca
101 0 _arus
102 _aRU
105 _ay z |||||
200 0 _a7
210 _d1902
_aБ. м.
225 1 _a..
_v10
461 0 _1001v19\rc\1258942
_12001#$a[Труды]$e1-9$v7
_94041189
_aИсторико-филологическое о-во (Одесса). Византийско-славянское отделение
_cОдесса
_d1892-1910
_o1-9
_t[Труды]
_v7
801 0 _aRU
_bNLR
_c20060306
_gpsbo
801 1 _aRU
_bProSoft-M
_c20060306
_2rusmarc
801 2 _aRU
_bNLR
_c20071009
_2rusmarc
852 _aNLR
_j19.100.7.1
942 _cBOOK
980 _aNB